History Quiz

Random History or Discovery Quiz
Score 0/15 Timer 04:00
6 Plays Today
% Correct
The Witches
92%
The Northmen's Fury
86.4%
The Worst Hard Time
84%
A Commonwealth of Thieves
81.8%
The Hemingses of Monticello
81.5%
She-Wolves
81.2%
Jungle of Stone
79.3%
The Gates of Africa
74.6%
% Correct
The Rape of Nanking
72.9%
Dead Wake
72.5%
The Bloodless Revolution
69.3%
Taj Mahal
66.9%
The Poisoner's Handbook
64.3%
Danubia
60.9%
The Zhivago Affair
56.6%
Remove Ads.
Support Sporcle.
Get the best of Sporcle when you Go Orange. This ad-free experience offers more features, more stats, and more fun while also helping to support Sporcle. Thank you for becoming a member.

You're not logged in!

Compare scores with friends on all Sporcle quizzes.
OR
Log In

Sporcle TV

Today on Sporcle TV


Watch our educational content, quiz creation guides, and fun videos on Sporcle TV.

Show Comments

Extras

Top Quizzes Today


Score Distribution

Paid Content

Your Account Isn't Verified!

In order to create a playlist on Sporcle, you need to verify the email address you used during registration. Go to your Sporcle Settings to finish the process.

Report this User

Report this user for behavior that violates our Community Guidelines.

Details: